000 00719nam a2200217Ia 4500
003 GCL
005 20240530095453.0
008 140319s9999 xx 000 0 ara d
040 _aGCL /
_cGCL
082 0 4 _a811.09
_bك أ
100 0 _aكمال عبد الحليم
245 1 0 _aاصرار /
_cكمال عبد الحليم ؛ رسام حسن فؤاد
250 _aالرابعة
260 _aالقاهرة :
_bدار الفن الحديث ،
_c1983
300 _a87 ص ؛
_c23 سم
650 0 4 _aالادب العربى
650 0 4 _aالشعر العربى - تاريخ ونقد
650 0 4 _aالشعر العربى - دواوين وقصائد
700 0 _aحسن فؤاد
_eرسام
942 _2ddc
_cBK
999 _c7595
_d7595